Provinces of Bolivia with a Map - Statistics

General Stats
  • This quiz has been taken 274 times
  • The average score is 31 of 112
Answers on the Map
Answers color-coded by a green-red scale on the quiz's map according to % correct below.
 
Answer Stats
Department Province % Correct
Beni | Cochabamba | Oruro | Tarija Cercado
59%
Cochabamba Bolivar
53%
Beni Moxos
44%
La Paz Murillo
41%
Santa Cruz Germán Busch
40%
Cochabamba Quillacollo
39%
Chuquisaca Azurduy
38%
Santa Cruz Chiquitos
38%
La Paz Manco Kapac
38%
La Paz Nor Yungas
38%
Chuquisaca Hernando Siles
36%
Potosí Tomás Frías
36%
Tarija Gran Chaco
35%
Potosí Nor Lipez
35%
Potosí Sur Lipez
35%
Potosí Chárcas
34%
Chuquisaca Nor Cinti
34%
La Paz Sud Yungas
34%
Beni Vaca Diez
34%
Potosí Chayanta
33%
La Paz Los Andes
33%
Potosí Nor Chichas
33%
Santa Cruz Ñuflo De Chávez
33%
Santa Cruz Warnes
33%
Cochabamba Chapare
31%
Santa Cruz Florida
31%
Santa Cruz Guarayos
31%
Beni Iténez
31%
Beni Mamoré
31%
Beni Yacuma
31%
Santa Cruz Andrés Ibáñez
30%
Oruro Carangas
30%
Santa Cruz Cordillera
30%
Potosí Sur Chichas
30%
Cochabamba Campero
29%
Beni General José Ballivián
29%
Chuquisaca Luis Calvo
29%
Cochabamba Punata
29%
Santa Cruz Vallegrande
29%
La Paz Aroma
28%
Oruro Litoral
28%
La Paz Muñecas
28%
Potosí Rafael Bustillo
28%
Santa Cruz Sara
28%
Chuquisaca Yamparáez
28%
Cochabamba Arani
26%
Cochabamba Arque
26%
Cochabamba Germán Jordán
26%
La Paz Gualberto Villarroel
26%
Potosí José María Linares
26%
Oruro Ladislao Cabrera
26%
Pando Madre de Dios
26%
Oruro Nor Carangas
26%
Oruro Poopó
26%
Oruro Sajama
26%
Pando Abuná
25%
Potosí Alonso de Ibáñez
25%
La Paz Caranavi
25%
Potosí Cornelio Saavedra
25%
Pando Federico Román
25%
La Paz Inquisivi
25%
Pando Manuripi
25%
Beni Marbán
25%
Cochabamba Tiraque
25%
Potosí Antonio Quijarro
24%
Cochabamba Ayopaya
24%
La Paz Bautista Saavedra
24%
Chuquisaca Belisario Boeto
24%
Cochabamba Capinota
24%
Cochabamba Carrasco
24%
La Paz Ingavi
24%
La Paz Larecaja
24%
La Paz Loayza
24%
Cochabamba Mizque
24%
Pando Nicolás Suárez
24%
La Paz Omasuyos
24%
Chuquisaca Oropeza
24%
La Paz Abel Iturralde
23%
Potosí Daniel Campos
23%
Potosí Enrique Baldivieso
23%
La Paz Franz Tamayo
23%
Potosí Modesto Omiste
23%
La Paz Pacajes
23%
Chuquisaca Sur Cinti
23%
Chuquisaca Tomina
23%
Santa Cruz Velasco
23%
Tarija Arce
21%
Santa Cruz Ichilo
21%
Santa Cruz Manuel María Caballero
21%
Oruro Mejillones
21%
Tarija O'Connor
21%
Oruro San Pedro de Totora
21%
Oruro Sebastián Pagador
21%
Chuquisaca Zudáñez
21%
Santa Cruz Angel Sandoval
20%
La Paz Camacho
20%
La Paz General José Manuel Pando
20%
Tarija Méndez
20%
Oruro Pantaleón Dalence
20%
Cochabamba Tapacarí
20%
Tarija Avilés
19%
Oruro Sur Carangas
19%
Oruro Tomás Barrón
19%
Cochabamba Esteban Arze
18%
Oruro Sabaya
18%
Oruro Saucarí
18%
Oruro Abaroa
16%
Santa Cruz Obispo Santistéban
14%
Potosí General Bilbao
13%
No matching quizzes found
Score Distribution
Percent of People with Each Score
Percentile by Number Answered
Your Score History
You have not taken this quiz